| 000 | 00687cab a2200229 4500 | ||
|---|---|---|---|
| 001 | WB3511-03 | ||
| 008 | 090401t1999 xxu||||| |||| 00| 0 eng d | ||
| 035 | _a(Sirsi) u92179 | ||
| 041 | _aeng | ||
| 245 | _aEgan`s snail pace progress | ||
| 260 | _c1999 | ||
| 350 | _a0 | ||
| 490 |
_aBuilding _v264(8078) 12 March 1999, 14(1) |
||
| 520 | _aLooks at the progress made by Movement for Innovation, the body with responsibility for implementing Sir John Egan's Rethinking Construction report. | ||
| 650 | _aEGAN REFORMS | ||
| 650 | _aMOVEMENT FOR INNOVATION | ||
| 650 | _aPROGRESS | ||
| 650 | _aEGAN REFORMS | ||
| 690 | _aBUILT ENVIRONMENT | ||
| 942 | _n0 | ||
| 948 | _c17/03/1999 | ||
| 999 |
_c58442 _d58442 |
||